Statistics for Footloose Lyrics Quiz

Click here to take the quiz!

General Stats

  • This quiz has been taken 166 times
  • The average score is 9 of 11

Answer Stats

LyricsMissing Lyric(s)% Correct
Been working so ____hard
96%
Now I gotta cut loose, _________footloose
95%
Kick off the ______ shoessunday
95%
Please,______, pull me off of my kneesLouise
86%
____, get back, come on before we crack Jack
85%
Oh, tell me what I got. I've got this _______feeling
84%
I'm punching my ____card
82%
Lose your blues, ________ cut footloose everybody
82%
_____ hours, for what?Eight
79%
I'll hit the ______. Or else I'll tear up this townceiling
73%
That ____'s just holding me downtime
54%

Score Distribution

Percentile by Number Answered

Percent of People with Each Score

Your Score History

You have not taken this quiz